000 00477nab a2200145Ia 4500
003 ES-SlBCS
005 20210601133739.0
008 140529s2005 xxu||||| |||| 00| 0 por d
041 _apor
100 1 _aBissoto, Maria Luisa
_9209140
245 0 0 _aHegel e a Educaçao: aportes para pensar a educaçao contemporânea
_c Maria Luisa Bissoto
600 1 4 _aHegel-Educación
_9139424
773 0 _tEducaçao e Filosofia
_gvol. 19, nº. 37, 2005, págs. 85-115
_wRev1534
942 _cAR
999 _c601464
_d601464